Inseln nach Ländern #1 - Statistiken

Allgemein
  • Dieses Quiz wurde 137 mal gespielt
  • Das Durchschnittsergebnis liegt bei 14 aus 21
Antwortstatistiken
Insel Land % Korrekt
Sizilien Italien
100%
Grönland Dänemark
99%
Korsika Frankreich
97%
Kreta Griechenland
94%
Ibiza Spanien
92%
Madeira Portugal
91%
Tasmanien Australien
87%
Spitzbergen Norwegen
85%
Okinawa Japan
83%
Isle of Wight Vereinigtes Königreich
82%
Sumatra Indonesien
76%
Galapagosinseln Ecuador
66%
Guam Vereinigte Staaten
65%
Osterinsel Chile
63%
Hainan China
61%
Aruba Niederlande
50%
Baffininsel Kanada
47%
Luzon Philippinen
38%
Cozumel Mexiko
35%
Isla Margarita Venezuela
17%
Salsette Indien
11%
Keine übereinstimmenden Quizze gefunden
Verteilung der Resultate
Anzahl Personen mit jedem Resultat
Perzentil nach korrekt beantworteten Fragen
Ihre Resultats-Entwicklung
Sie haben dieses Quiz noch nicht gespielt